BLACK BOOK OF OUTSOURCING HOW TO MANAGE (Record no. 19184)
[ view plain ]
| 000 -LEADER | |
|---|---|
| fixed length control field | 00351nam a2200133Ia 4500 |
| 008 - FIXED-LENGTH DATA ELEMENTS--GENERAL INFORMATION | |
| fixed length control field | 240624s9999 xx 000 0 und d |
| 041 ## - LANGUAGE CODE | |
| Language code of text/sound track or separate title | eng |
| 082 ## - DEWEY DECIMAL CLASSIFICATION NUMBER | |
| Classification number | 658.4058 BRO |
| 100 ## - MAIN ENTRY--PERSONAL NAME | |
| Personal name | BROWN DOUGLAS |
| 245 ## - TITLE STATEMENT | |
| Title | BLACK BOOK OF OUTSOURCING HOW TO MANAGE |
| 260 ## - PUBLICATION, DISTRIBUTION, ETC. | |
| Date of publication, distribution, etc. | 2010 |
| Place of publication, distribution, etc. | Neew Delhi |
| Name of publisher, distributor, etc. | Wiley India |
| 300 ## - PHYSICAL DESCRIPTION | |
| Extent | xiv, : 366 : p. : cm. ; 23 |
| 365 ## - TRADE PRICE | |
| Currency code | RS |
| Withdrawn status | Lost status | Damaged status | Not for loan | Home library | Current library | Shelving location | Date acquired | Cost, normal purchase price | Full call number | Barcode | Date last seen | Copy number | Price effective from | Koha item type |
|---|---|---|---|---|---|---|---|---|---|---|---|---|---|---|
| Store Books | IMTN | IMTN | Rack 31-A | 07/13/2012 | 399.00 | 658.4058 BRO | 19184 | 06/24/2024 | 1 | 06/24/2024 | Books |